Inter Miami players since 2000 - Statistics

General Stats
  • This quiz has been taken 9 times
  • The average score is 31 of 100
Answer Stats
Rank Player Positions Nationality Matches Goals (assists) Period % Correct
10 Jordi Alba LB 65 11 (21) 2023-2025
100%
4 Sergio Busquets DM 74 1 (13) 2023-2025
100%
16 Lionel Messi RW 53 50 (28) 2023-2025
89%
14 Luis Suárez ST 55 30 (19) 2024-2025
89%
68 David Martínez CB 13 1 (1) 2024-2025
78%
45 Josef Martínez ST 27 7 (1) 2023-2023
78%
66 Baltasar Rodríguez AM 14 3 (3) 2025-2025
67%
53 Emerson Rodríguez LW 22 2 (0) 2022-2022
67%
40 Federico Higuaín AM 29 3 (5) 2020-2021
56%
8 Gonzalo Higuaín ST 67 29 (11) 2020-2022
56%
76 Rodrigo De Paul CM 11 0 (4) 2025-2025
56%
5 Benja Cremaschi CM 72 7 (7) 2023-2025
44%
92 CJ dos Santos GK 2 0 (0) 2023-2024
44%
9 DeAndre Yedlin RB 65 0 (6) 2022-2024
44%
59 Joevin Jones LB 18 0 (0) 2021-2022
44%
2 Robert Taylor LW 91 13 (11) 2022-2025
44%
12 Tomás Avilés CB 63 3 (2) 2023-2025
44%
18 David Ruíz DM 52 3 (4) 2023-2025
33%
50 Diego Gómez CM 24 4 (4) 2023-2024
33%
1 Drake Callender GK 92 0 (0) 2022-2025
33%
56 Fafà Picault LW 20 4 (0) 2025-2025
33%
33 Federico Redondo DM 36 2 (3) 2024-2025
33%
98 George Acosta CM 1 0 (0) 2022-2022
33%
26 Ian Fray CB 46 4 (2) 2023-2025
33%
54 Kamal Miller CB 22 0 (0) 2023-2023
33%
3 Leonardo Campana ST 80 28 (7) 2022-2024
33%
89 Mateo Silvetti RW 3 0 (0) 2025-2025
33%
52 Maximiliano Falcón CB 24 1 (0) 2025-2025
33%
6 Noah Allen LB 70 1 (3) 2022-2025
33%
48 Óscar Ustari GK 26 0 (0) 2024-2025
33%
17 Robbie Robinson LW 53 6 (1) 2020-2023
33%
79 Rocco Ríos Novo GK 10 0 (0) 2025-2025
33%
36 Tadeo Allende RW 31 11 (1) 2025-2025
33%
37 Telasco Segovia CM 31 8 (4) 2025-2025
33%
100 Ventura Alvarado CB 1 0 (0) 2021-2021
33%
61 Aimé Mabika CB 17 0 (1) 2021-2022
22%
84 A. J. DeLaGarza RB 5 0 (0) 2020-2020
22%
69 Alejandro Pozuelo AM 12 2 (5) 2022-2022
22%
83 Allen Obando ST 6 1 (0) 2025-2025
22%
87 Alvas Powell RB 3 0 (0) 2020-2020
22%
74 Andrés Reyes CB 11 0 (0) 2020-2020
22%
32 Ariel Lassiter LW 37 4 (4) 2022-2023
22%
57 Ben Sweat LB 19 0 (2) 2020-2020
22%
23 Blaise Matuidi CM 47 2 (1) 2020-2021
22%
24 Brek Shea LM 47 6 (0) 2020-2022
22%
34 Bryce Duke AM 35 1 (5) 2022-2023
22%
38 Christian Makoun CB 30 2 (0) 2020-2021
22%
19 Christopher McVey CB 50 1 (1) 2022-2023
22%
88 Clément Diop GK 3 0 (0) 2022-2022
22%
58 Corentin Jean ST 18 1 (1) 2022-2023
22%
42 Damion Lowe CB 28 1 (1) 2022-2022
22%
97 Dániel Pintér LW 1 0 (0) 2025-2025
22%
51 Dixon Arroyo DM 24 1 (0) 2023-2023
22%
62 Dylan Nealis RB 17 0 (0) 2020-2020
22%
77 Edison Azcona LW 10 0 (0) 2021-2023
22%
75 Facundo Farías AM 11 3 (1) 2023-2023
22%
44 Franco Negri LB 27 1 (2) 2023-2024
22%
47 Gonzalo Luján CB, RB 26 0 (1) 2025-2025
22%
11 Gregore DM 64 0 (6) 2021-2023
22%
70 Harvey Neville LB 12 0 (0) 2022-2023
22%
28 Indiana Vassilev RW 45 5 (0) 2021-2022
22%
93 Israel Boatwright RB 2 0 (0) 2023-2023
22%
85 Jairo Quinteros CB 4 0 (0) 2022-2022
22%
39 Jay Chapman CM 30 0 (1) 2020-2021
22%
22 Jean Mota CM 48 2 (6) 2022-2024
22%
99 Jerome Kiesewetter ST 1 0 (0) 2020-2020
22%
55 John McCarthy GK 21 0 (0) 2020-2021
22%
94 Josh Penn LW 2 0 (0) 2021-2021
22%
71 Juan Agudelo ST 12 2 (0) 2020-2020
22%
31 Julián Carranza ST 38 3 (0) 2020-2021
22%
35 Julian Gressel RM 32 1 (9) 2024-2024
22%
43 Kelvin Leerdam RB 28 0 (0) 2021-2021
22%
46 Kieran Gibbs LB 27 1 (0) 2021-2022
22%
82 Lawson Sunderland CM 7 0 (1) 2023-2024
22%
27 Leandro González Pírez CB 46 2 (5) 2020-2021
22%
95 Lee Nguyen AM 2 0 (0) 2020-2020
22%
65 Leo Afonso LW 15 2 (1) 2024-2025
22%
15 Lewis Morgan LW 54 7 (7) 2020-2021
22%
72 Luis Robles GK 12 0 (0) 2020-2020
22%
25 Marcelo Weigandt RB 47 1 (4) 2024-2025
22%
63 Matías Pellegrini LW 16 1 (1) 2020-2020
22%
67 Matías Rojas AM 14 4 (2) 2024-2024
22%
90 Mikey Ambrose LB 3 1 (0) 2020-2020
22%
81 Mo Adams CM 8 0 (0) 2022-2022
22%
41 Nick Marsman GK 29 0 (0) 2021-2022
22%
30 Nicolás Figal CB 43 1 (2) 2020-2021
22%
78 Nicolás Freire CB 10 0 (0) 2024-2024
22%
49 Nicolás Stefanelli ST 25 2 (0) 2023-2023
22%
96 Pep Casas MF 2 0 (0) 2024-2024
22%
13 Rodolfo Pizarro AM 56 6 (10) 2020-2021, 2023-2023
22%
91 Román Torres CB 3 0 (0) 2020-2020
22%
29 Ryan Sailor CB 44 0 (0) 2022-2025
22%
73 Ryan Shawcross CB 12 0 (0) 2021-2021
22%
80 Sami Guediri LB 10 0 (0) 2021-2021
22%
86 Santiago Morales CM 4 0 (0) 2025-2025
22%
21 Sergiy Kryvtsov CB 49 2 (0) 2023-2024
22%
64 Shanyder Borgelin ST 16 1 (0) 2023-2024
22%
7 Víctor Ulloa DM 70 0 (4) 2020-2023
22%
60 Wil Trapp DM 18 0 (0) 2020-2020
22%
20 Yannick Bright DM 50 1 (2) 2024-2025
22%
No matching quizzes found
Score Distribution
Percent of People with Each Score
Percentile by Number Answered
Your Score History
You have not taken this quiz